LDR 00589naa#a2200169#i#450# 001 EN\\bibl\108962 005 20260503192237.7 011 ## _a2500-1825 100 ## _a20260331b2026####ek#y0engy0150####ca 102 ## _aRU 200 1# _aORGANIZATION OF PENSION SECURITY FOR JUDGES OF THE RUSSIAN EMPIRE IN THE 1830s – EARLY 1860s _eJournal article 210 1# _aKrasnoyarsk _cKrasnoyarsk State Agrarian University _d2026 215 ## _a10 с. 608 ## _aJournal article _2local 675 ## _aГуманитарные науки в целом. 009 _z 700 #1 _aPodlesnyh _gSergey Nikolaevich 856 4# _asej.kgau.ru _u